000 00631nam a2200229 i 4500
001 92675
003 ES-MaACL
005 20250824204721.0
007 t|
008 050414s1984 sp ||||1| spa d
020 _a84-02-08261-0
080 _a821.111(73)-31"19"
100 0 _aDos Passos, John,
_d1896-1970
_945444
245 1 0 _aManhattan transfer /
_cJohn Dos Passos.
250 _a2ยช ed.
260 _aBarcelona :
_bBruguera,
_c1984.
300 _a471 p. ;
_c18 cm.
490 1 _aLibro amigo
830 0 0 _aLibro amigo (Bruguera)
_9220624
852 _aES-MaACL
_jE-10976
_bR.134763
999 _c92675
_d92675